[Event "Novokuznetsk SFO-ch U15"]
[Site "Novokuznetsk"]
[Date "2014.11.08"]
[Round "7"]
[White "Bazhenov, Aleksandr Ivanovich"]
[Black "Dambaev, Bilikto"]
[Result "1/2-1/2"]
[WhiteElo "1902"]
[BlackElo "1895"]
[PlyCount "127"]
[EventDate "2014.11.02"]
[EventType "swiss"]
[EventRounds "9"]
[EventCountry "RUS"]
[SourceTitle "CBM 163 Extra"]
[Source "ChessBase"]
[SourceDate "2014.12.23"]
[SourceVersion "1"]
[SourceVersionDate "2014.12.23"]
[SourceQuality "1"]

1. e4 c5 2. Nf3 Nc6 3. d4 cxd4 4. Nxd4 e5 5. Nb5 d6 6. N1c3 a6 7. Na3 b5 8. Nd5 Nce7 9. Be3 Nxd5 10. Qxd5 Be6 11. Qd3 Nf6 12. c4 bxc4 13. Nxc4 d5 14. exd5 Nxd5 15. Be2 Nxe3 16. Qxe3 Bb4+ 17. Nd2 Qa5 18. a3 Rd8 19. Rd1 Bxd2+ 20. Rxd2 Bb3 21. Bd1 Bxd1 22. Kxd1 0-0 23. Rxd8 Rxd8+ 24. Kc1 Qd5 25. Re1 f6 26. f3 Qa2 27. Qb6 Rd4 28. Qa5 Rc4+ 29. Kd1 Qb3+ 30. Ke2 Rc2+ 31. Kf1 Qd3+ 32. Kg1 Rxb2 33. Qc7 Qd2 34. Qc4+ Kf8 35. Qc8+ Kf7 36. Qc4+ Kg6 37. Qg4+ Kf7 38. Qc4+ Ke7 39. Qc7+ Ke6 40. Qc4+ Kd7 41. Qf1 Ke7 42. f4 Qd4+ 43. Kh1 Rf2 44. Qxa6 Qxf4 45. a4 Qd2 46. Rg1 e4 47. Qb7+ Kf8 48. Qxe4 Rf4 49. Qxh7 Rxa4 50. Qh8+ Kf7 51. Qh5+ Kf8 52. Rd1 Qa5 53. Qh8+ Kf7 54. h3 Qb5 55. Qd8 Ra7 56. Qd4 Re7 57. Qd5+ Qxd5 58. Rxd5 Re2 59. Rd7+ Kg6 60. Kh2 Kh6 61. Kg3 g5 62. Kf3 Ra2 63. g4 Ra3+ 64. Kg2 1/2-1/2

[Event "Novokuznetsk SFO-ch U15"]
[Site "Novokuznetsk"]
[Date "2014.11.04"]
[Round "3"]
[White "Shastitko, Danil"]
[Black "Bazhenov, Aleksandr Ivanovich"]
[Result "1/2-1/2"]
[WhiteElo "1976"]
[BlackElo "1902"]
[PlyCount "83"]
[EventDate "2014.11.02"]
[EventType "swiss"]
[EventRounds "9"]
[EventCountry "RUS"]
[SourceTitle "CBM 163 Extra"]
[Source "ChessBase"]
[SourceDate "2014.12.23"]
[SourceVersion "1"]
[SourceVersionDate "2014.12.23"]
[SourceQuality "1"]

1. e4 c5 2. Nf3 Nc6 3. d4 cxd4 4. Nxd4 e5 5. Nb5 d6 6. N1c3 a6 7. Na3 Be7 8. Nc4 b5 9. Ne3 Nf6 10. g3 0-0 11. Bg2 Rb8 12. 0-0 Be6 13. Ncd5 Qd7 14. c4 Rfc8 15. b3 Bd8 16. f4 Nd4 17. Nxf6+ Bxf6 18. f5 Bxf5 19. exf5 bxc4 20. bxc4 e4 21. Ba3 Nf3+ 22. Bxf3 Bxa1 23. Qxa1 exf3 24. Rxf3 Qb7 25. Kg2 Re8 26. Nd5 Qc6 27. f6 Re2+ 28. Kg1 Rbe8 29. Qc3 Re1+ 30. Rf1 Rxf1+ 31. Kxf1 Qd7 32. fxg7 Qf5+ 33. Kg1 Qb1+ 34. Bc1 Re6 35. g4 Qg6 36. g5 Qxg7 37. Nf6+ Kf8 38. Bf4 Qg6 39. Qb4 Rxf6 40. Qb8+ Ke7 41. Qc7+ Ke8 42. Qc8+ 1/2-1/2

[Event "Buryatia-ch"]
[Site "Russia"]
[Date "2014.09.30"]
[Round "5"]
[White "Bazhenov, Aleksandr Ivanovich"]
[Black "Sharypov, Viktor"]
[Result "1-0"]
[WhiteElo "1827"]
[BlackElo "1792"]
[PlyCount "123"]
[EventDate "2014.09.27"]
[EventType "swiss"]
[EventRounds "9"]
[EventCountry "RUS"]
[SourceTitle "EXT 2015"]
[Source "ChessBase"]
[SourceDate "2014.11.20"]
[SourceVersion "1"]
[SourceVersionDate "2014.11.20"]
[SourceQuality "1"]

1. e4 c6 2. d4 d5 3. Nc3 dxe4 4. Nxe4 Bf5 5. Ng3 Bg6 6. Nf3 e6 7. Ne5 Ne7 8. Nxg6 Nxg6 9. Be3 Bd6 10. Qd2 Nd7 11. 0-0-0 Qc7 12. Nh5 Bf8 13. Bd3 Nb6 14. c4 0-0-0 15. Qa5 f5 16. g3 Kb8 17. Nf4 Nd5 18. Qxc7+ Nxc7 19. Rhe1 Bd6 20. Nh5 Rhg8 21. Bg5 Be7 22. Be3 Bf6 23. Bc2 Ka8 24. Bb3 Rd7 25. Nf4 Rgd8 26. Nxg6 hxg6 27. Bf4 Re8 28. Be5 b6 29. Bxc7 Rxc7 30. Kb1 Rd7 31. Ba4 Rd6 32. d5 b5 33. cxb5 Rb8 34. dxc6 Rxd1+ 35. Rxd1 Rc8 36. Rd7 Kb8 37. Rb7+ Ka8 38. Bb3 Re8 39. Kc2 Re7 40. Rxe7 Bxe7 41. Bxe6 Kb8 42. Kd3 Kc7 43. Bf7 g5 44. Bg6 f4 45. gxf4 gxf4 46. Ke4 Bd6 47. f3 Kb6 48. a4 a6 49. Kd5 Bc7 50. b4 axb5 51. a5+ Ka6 52. Bf5 g5 53. Bc8+ Ka7 54. Kc5 Kb8 55. Bg4 Be5 56. Kxb5 Kc7 57. Bd7 Bd4 58. h3 Be3 59. Ka6 Bd4 60. b5 Be5 61. b6+ Kd8 62. Kb7 1-0

[Event "Buryatia-ch Superfinal 2nd"]
[Site "Ulan-Ude"]
[Date "2014.01.11"]
[Round "9"]
[White "Leonov, Mikhail1"]
[Black "Bazhenov, Aleksandr Ivanovich"]
[Result "1-0"]
[WhiteElo "2083"]
[BlackElo "1901"]
[PlyCount "45"]
[EventDate "2014.01.05"]
[EventType "swiss"]
[EventRounds "9"]
[EventCountry "RUS"]
[SourceTitle "EXT 2015"]
[Source "ChessBase"]
[SourceDate "2014.11.20"]
[SourceVersion "1"]
[SourceVersionDate "2014.11.20"]
[SourceQuality "1"]

1. e4 c5 2. Nf3 Nc6 3. Bb5 d6 4. 0-0 Bg4 5. h3 Bh5 6. c3 a6 7. Bxc6+ bxc6 8. d4 cxd4 9. cxd4 Nf6 10. Nc3 e6 11. Bg5 Be7 12. d5 exd5 13. exd5 c5 14. Qa4+ Qd7 15. Rfe1 Qxa4 16. Nxa4 Bxf3 17. Bxf6 gxf6 18. gxf3 Rb8 19. Re2 Kd7 20. Rae1 Rhe8 21. b3 Bf8 22. Nb6+ Rxb6 23. Rxe8 1-0

[Event "Gipslis mem corr"]
[Site "Russia"]
[Date "2004.??.??"]
[Round "?"]
[White "Bazhenov, Aleksandr Ivanovich"]
[Black "Muzyka, Yury Avraamovich"]
[Result "0-1"]
[WhiteElo "2324"]
[BlackElo "2488"]
[PlyCount "74"]
[EventDate "2001.07.15"]
[EventType "tourn (corr)"]
[EventRounds "16"]
[EventCountry "RUS"]
[EventCategory "9"]
[SourceTitle "Corr 2008"]
[Source "ChessBase"]
[SourceDate "2008.06.24"]
[SourceVersion "1"]
[SourceVersionDate "2008.06.24"]
[SourceQuality "1"]

1. d4 Nf6 2. c4 e6 3. Nc3 Bb4 4. Qc2 0-0 5. a3 Bxc3+ 6. Qxc3 d6 7. Bg5 Nbd7 8. e3 b6 9. f3 h6 10. Bh4 c5 11. Nh3 Bb7 12. dxc5 Nxc5 13. b4 Nfe4 14. Bxd8 Nxc3 15. Be7 Rfe8 16. Rc1 Rxe7 17. Rxc3 Nd7 18. Be2 Nf6 19. Kf2 Rc7 20. Rhc1 Rac8 21. Ke1 Kf8 22. Nf2 Ke7 23. Nd1 Nd7 24. e4 Ne5 25. Kd2 g5 26. Ke3 f5 27. exf5 exf5 28. g3 Kf6 29. Kd2 Re7 30. Nf2 Rce8 31. Bd1 h5 32. Nh3 g4 33. Nf4 gxf3 34. h4 Rh8 35. c5 dxc5 36. bxc5 Rd8+ 37. Kc2 Red7 0-1

[Event "Gipslis mem corr"]
[Site "Russia"]
[Date "2004.??.??"]
[Round "?"]
[White "Bazhenov, Aleksandr Ivanovich"]
[Black "Pinkovetsky, Semen Uscherovich"]
[Result "0-1"]
[WhiteElo "2324"]
[BlackElo "2666"]
[PlyCount "82"]
[EventDate "2001.07.15"]
[EventType "tourn (corr)"]
[EventRounds "16"]
[EventCountry "RUS"]
[EventCategory "9"]
[SourceTitle "Corr 2008"]
[Source "ChessBase"]
[SourceDate "2008.06.24"]
[SourceVersion "1"]
[SourceVersionDate "2008.06.24"]
[SourceQuality "1"]

1. d4 Nf6 2. c4 e6 3. Nc3 d5 4. Bg5 Nbd7 5. e3 c6 6. Nf3 Qa5 7. Nd2 dxc4 8. Bxf6 Nxf6 9. Nxc4 Qc7 10. Rc1 Be7 11. Be2 0-0 12. 0-0 Rd8 13. Qc2 Bd7 14. Ne4 Nd5 15. a3 Be8 16. Rfd1 a5 17. g3 Rac8 18. Bf3 b6 19. Qb1 a4 20. Nc3 Qb8 21. Ne2 b5 22. Ne5 c5 23. Nd3 c4 24. Ne1 Bc6 25. e4 Nf6 26. Ng2 Qb7 27. Nc3 Qb6 28. Ne2 e5 29. d5 Bd7 30. Qc2 Ng4 31. Rf1 Rb8 32. Nc3 Qh6 33. Bxg4 Bxg4 34. f3 Bh3 35. f4 exf4 36. Rxf4 Bg5 37. Rcf1 Bxf4 38. Rxf4 b4 39. axb4 Rxb4 40. Rf2 Rdb8 41. Nf4 Bd7 0-1

[Event "Gipslis mem corr"]
[Site "Russia"]
[Date "2004.??.??"]
[Round "?"]
[White "Bazhenov, Aleksandr Ivanovich"]
[Black "Raykin, Leonid Gershevich"]
[Result "0-1"]
[WhiteElo "2324"]
[BlackElo "2608"]
[PlyCount "64"]
[EventDate "2001.07.15"]
[EventType "tourn (corr)"]
[EventRounds "16"]
[EventCountry "RUS"]
[EventCategory "9"]
[SourceTitle "Corr 2008"]
[Source "ChessBase"]
[SourceDate "2008.06.24"]
[SourceVersion "1"]
[SourceVersionDate "2008.06.24"]
[SourceQuality "1"]

1. d4 d5 2. c4 c6 3. Nf3 Nf6 4. Nc3 e6 5. Bg5 dxc4 6. e4 b5 7. e5 h6 8. Bh4 g5 9. Nxg5 hxg5 10. Bxg5 Nbd7 11. exf6 Bb7 12. g3 c5 13. d5 Bh6 14. Bxh6 Rxh6 15. Qd2 Qxf6 16. 0-0-0 Kf8 17. g4 Rh4 18. Rg1 exd5 19. Nxd5 Bxd5 20. Qxd5 Nb6 21. Qxc5+ Kg7 22. h3 Qxb2+ 23. Kxb2 Na4+ 24. Ka3 Nxc5 25. Kb4 Rc8 26. Rd5 Na6+ 27. Ka5 Nc7 28. Rd6 Ne6 29. Kxb5 Rh6 30. Rd7 Rf6 31. g5 Rf4 32. Rd1 Rb8+ 0-1

[Event "Gipslis mem corr"]
[Site "Russia"]
[Date "2004.??.??"]
[Round "?"]
[White "Bragin, Aleksandr Borisovic"]
[Black "Bazhenov, Aleksandr Ivanovich"]
[Result "1/2-1/2"]
[WhiteElo "2483"]
[BlackElo "2324"]
[PlyCount "57"]
[EventDate "2001.07.15"]
[EventType "tourn (corr)"]
[EventRounds "16"]
[EventCountry "RUS"]
[EventCategory "9"]
[SourceTitle "Corr 2008"]
[Source "ChessBase"]
[SourceDate "2008.06.24"]
[SourceVersion "1"]
[SourceVersionDate "2008.06.24"]
[SourceQuality "1"]

1. e4 c5 2. Nf3 Nc6 3. d4 cxd4 4. Nxd4 Nf6 5. Nc3 d6 6. Bc4 e6 7. Bb3 Be7 8. Be3 a6 9. f4 0-0 10. Qf3 Nxd4 11. Bxd4 b5 12. a3 Bb7 13. 0-0-0 a5 14. Bxf6 Bxf6 15. Nxb5 a4 16. Rxd6 Qb8 17. Bc4 Rc8 18. Bd3 Ba6 19. Rxa6 Rxa6 20. e5 Be7 21. Nd6 Rxd6 22. exd6 Bf6 23. c3 Bxc3 24. bxc3 Rxc3+ 25. Kd1 Qb3+ 26. Ke1 g6 27. Kd2 Qb2+ 28. Ke3 Qb6+ 29. Kd2 1/2-1/2